Statistiken für Frauen-Europameisterschaft 2022

Klicken Sie hier um das Quiz zu spielen!

Allgemein

  • Dieses Quiz wurde 489 mal gespielt
  • Das Durchschnittsergebnis liegt bei 14 aus 16

Antwortstatistiken

GruppeAntwort% Korrekt
Gruppe BDeutschland
99%
Gruppe AEngland
98%
Gruppe BSpanien
97%
Gruppe CSchweden
95%
Gruppe A
Österreich
94%
Gruppe DFrankreich
94%
Gruppe DItalien
93%
Gruppe BDänemark
92%
Gruppe ANorwegen
92%
Gruppe CPortugal
92%
Gruppe CNiederlande
91%
Gruppe CSchweiz
91%
Gruppe BFinnland
90%
Gruppe DBelgien
89%
Gruppe DIsland
71%
Gruppe ANordirland
50%

Verteilung der Resultate

Perzentil nach korrekt beantworteten Fragen

Anzahl Personen mit jedem Resultat

Ihre Resultats-Entwicklung

Sie haben dieses Quiz noch nicht gespielt